| 000 | 00563nam a2200193 a 4500 | ||
|---|---|---|---|
| 005 | 20210219151241.0 | ||
| 008 | 991125s1982 mx 000 0 spa u | ||
| 020 | _a9686661018 | ||
| 035 | _aUPN01000030204 | ||
| 049 | _aF | ||
| 050 | 4 |
_aF1219.3 C75 _bL4.4 |
|
| 100 | 1 | _aLechuga, Ruth D. | |
| 245 | 1 | 3 |
_aLa indumentaria en el México indígena / _cRuth D. Lechuga. |
| 260 |
_aMéxico : _bFONAPAS : _bFONART, _c1982. |
||
| 300 | _a47 p. | ||
| 520 | _a"1982 año interamericano de las artesanias" | ||
| 650 | 4 |
_aINDIOS DE MEXICO - _xINDUMENTARIA |
|
| 905 | _aLibro | ||
| 999 |
_c30204 _d30204 |
||